Bác Hồ cầu hiền tài
Sách ghi lại những câu chuyện cảm động kể về Bác Hồ trọng dụng một số nhân sĩ, trí thức nổi tiếng thời kỳ đầu Cách mạng Tháng Tám và hồi ức, ấn tượng của các vị đó về Bác Hồ.
Enregistré dans:
| Format: | Livre |
|---|---|
| Langue: | Undetermined |
| Publié: |
Hà Nội
Thông tấn
2007
|
| Sujets: | |
| Tags: |
Ajouter un tag
Pas de tags, Soyez le premier à ajouter un tag!
|
| Thư viện lưu trữ: | Trung tâm Học liệu Trường Đại học Cần Thơ |
|---|
| LEADER | 00814nam a2200193Ia 4500 | ||
|---|---|---|---|
| 001 | CTU_135380 | ||
| 008 | 210402s9999 xx 000 0 und d | ||
| 020 | |c 22000 | ||
| 082 | |a 324.2075092 | ||
| 082 | |b B101 | ||
| 245 | 0 | |a Bác Hồ cầu hiền tài | |
| 260 | |a Hà Nội | ||
| 260 | |b Thông tấn | ||
| 260 | |c 2007 | ||
| 520 | |a Sách ghi lại những câu chuyện cảm động kể về Bác Hồ trọng dụng một số nhân sĩ, trí thức nổi tiếng thời kỳ đầu Cách mạng Tháng Tám và hồi ức, ấn tượng của các vị đó về Bác Hồ. | ||
| 650 | |a Hồ Chí Minh,Communists | ||
| 650 | |x Biography,Viet Nam | ||
| 904 | |i Duy Bằng | ||
| 980 | |a Trung tâm Học liệu Trường Đại học Cần Thơ | ||